Protection of internally displaced persons in situations of natural disaster: (Record no. 4941)
[ view plain ]
| 000 -LEADER | |
|---|---|
| fixed length control field | 00737nam a2200145 4500 |
| 008 - FIXED-LENGTH DATA ELEMENTS--GENERAL INFORMATION | |
| fixed length control field | 240624b |||||||| |||| 00| 0 eng d |
| 082 ## - DEWEY DECIMAL CLASSIFICATION NUMBER | |
| Classification number | 363.349 |
| Item number | PRO |
| 942 ## - ADDED ENTRY ELEMENTS (KOHA) | |
| Item Type | Reports |
| 245 ## - TITLE STATEMENT | |
| Title | Protection of internally displaced persons in situations of natural disaster: |
| Sub Title | a working visit to Asia by the representative of the United Nations Secretary-General on the human rights of internally displaced persons Walter Kalin 27 Feb. to 5 March 2005 |
| 260 ## - PUBLICATION, DISTRIBUTION, ETC. (IMPRINT) | |
| Place of Publication | Geneva: |
| Name of Publisher | Office of the United Nations High Commissioner for human rights, |
| Date of Copyright | 2005 |
| 300 ## - PHYSICAL DESCRIPTION | |
| Extent | 31 p. |
| Physical Details | bibliography included |
| 856 ## - ELECTRONIC LOCATION AND ACCESS | |
| Uniform Resource Identifier | <a href="https://www.brookings.edu/wp-content/uploads/2016/06/200504_tsunami.pdf">https://www.brookings.edu/wp-content/uploads/2016/06/200504_tsunami.pdf</a> |
| 650 ## - SUBJECT ADDED ENTRY--TOPICAL TERM | |
| Topical Term | INTERNALLY DISPLACED PERSONS |
| 650 ## - SUBJECT ADDED ENTRY--TOPICAL TERM | |
| Topical Term | Natural disasters-IDPs |
| Withdrawn status | Lost status | Source of classification or shelving scheme | Damaged status | Not for loan | Permanent location | Current location | Date acquired | Total Checkouts | Full call number | Barcode | Date last seen | Price effective from | Koha item type |
|---|---|---|---|---|---|---|---|---|---|---|---|---|---|
| Dewey Decimal Classification | Resource center, Muslim Women's Research And Action Forum | Resource center, Muslim Women's Research And Action Forum | 2024-06-24 | 363.349 PRO | RAF5319 | 2024-06-24 | 2024-06-24 | Reports |

